PSYCHOSOCIÁLNA KLÍMA V ZÁKLADNÝCH ŠKOLÁCH V OKRESE KOŠICE - OKOLIE

Bibliographic Details
Main Authors: Begerová, Lýdia (Author), Bányaiová, Tatiana (Author)
Format: Article
Language:Slovak

MARC

LEADER 00000nab a2200000uu 4500
001 vtls010901856
003 SK-MaSNL
005 20260303142440.0
008 230222|2006 xo |||||||||||||||||slo|
015 |a SNBRB 
035 |a (urnnbn)urn:nbn:sk:snk:ar-a07nje 
035 |a (uuid)5ae4e59f-29d4-448e-8901-e8d41ebc1b6f 
035 |a urn:nbn:sk:snk-ab8t93 
040 |a SNKBUCL  |b slo  |c SNKBUCL  |e AACR2 
041 0 |a slo 
044 |a xo  |c SK 
100 1 |a Begerová, Lýdia  |4 aut  |9 786376 
245 1 0 |a PSYCHOSOCIÁLNA KLÍMA V ZÁKLADNÝCH ŠKOLÁCH V OKRESE KOŠICE - OKOLIE  |c Lýdia Begerová, Tatiana Bányaiová 
700 1 |a Bányaiová, Tatiana  |4 aut  |9 727761 
773 0 |t Prevencia : informačný bulletin zameraný na prevenciu sociálno-patologických javov v rezorte školstva  |g Roč. 5, č. 3 (2006), s. 32-35 
954 |a odborná, vedecká literatúra pôvodná (slovenská)  |2 lita 
958 |a OND 
958 |a EUIPO 
958 |a article10 
999 |c 1982969  |d 1984899